[Event "Hampstead U2200"]
[Site "Hampstead, London"]
[Date "2013.09.29"]
[Round "4"]
[White "Mitchell, Robert"]
[Black "Covey, Jason"]
[Result "0-1"]
[WhiteElo "1690"]
[BlackElo "1586"]
[EventType "swiss"]
[EventRounds "5"]

1. d4 f5 2. h3 Nf6 3. g4 fxg4 4. hxg4 d5 5. g5 Ne4 6. Nf3 Bf5 7. Nh4 Qd7 8.
Nxf5 Qxf5 9. Be3 Nxg5 10. Bxg5 Qxg5 11. Qd3 Qc1+ 12. Qd1 Qxb2 13. Nd2 Qxd4 14.
e3 Qf6 15. Rb1 b6 16. Qh5+ g6 17. Qxd5 c6 18. Qd3 Nd7 19. Ne4 Qf7 20. Rd1 Ne5
21. Qa6 Qf3 22. Rh4 Qf5 23. Be2 Bg7 24. Rd6 O-O 25. Rf4 Qh3 26. Bf1 Qc8 27.
Rxf8+ Kxf8 28. Rd1 Nf3+ {#R} 0-1

[Event "Hampstead U2200"]
[Site "Hampstead, London"]
[Date "2013.09.29"]
[Round "4"]
[White "Jekel, Wolfgang"]
[Black "Zhao, Haolin"]
[Result "1-0"]
[WhiteElo "1822"]
[BlackElo "1263"]
[EventType "swiss"]
[EventRounds "5"]

1. Nf3 Nf6 2. g3 e6 3. Bg2 c5 4. O-O Nc6 5. d3 d5 6. Nbd2 Be7 7. e4 O-O 8. e5
Nd7 9. Qe2 f6 10. exf6 Nxf6 11. Bh3 Qd6 12. Re1 Nd8 13. Ng5 e5 14. Bxc8 Rxc8
15. Qxe5 Qxe5 16. Rxe5 Bd6 17. Re2 h6 18. Nh3 Nf7 19. Nf1 Ne5 20. Bf4 Nf3+ 21.
Kg2 Bxf4 22. Nxf4 Nd4 23. Re7 Rb8 24. c3 Nc6 25. Re2 Kh7 26. Rae1 Rf7 27. Nd2
b6 28. Nf3 Rbb7 29. Ne6 Rbd7 30. d4 c4 31. Ne5 Nxe5 32. dxe5 Ne8 33. Ng5+ hxg5
34. e6 Nf6 35. exf7 Rxf7 36. Re7 Rxe7 37. Rxe7 a5 38. Rb7 Kh6 39. Rxb6 a4 40.
Ra6 a3 41. Rxa3 Kg6 42. Ra6 Kh7 43. Rxf6 gxf6 44. Kf3 Kg6 45. a4 Kf7 46. h4
gxh4 47. gxh4 Ke6 48. h5 f5 49. a5 Kd6 50. h6 Kc5 51. h7 Kb5 52. h8=Q Kxa5 53.
Qd4 Ka4 54. Qxd5 Kb3 55. Qb5+ Kc2 56. Ke2 f4 57. Qxc4 Kb1 58. Kd1 f3 59. b4
Kb2 60. b5 Kb1 61. b6 Kb2 62. b7 Ka3 63. Qb4+ Ka2 64. b8=R Ka1 65. Qb2# 1-0

[Event "Hampstead U2200"]
[Site "Hampstead, London"]
[Date "2013.09.29"]
[Round "4"]
[White "Larios, Rafael"]
[Black "Millward, David J"]
[Result "1-0"]
[WhiteElo "1610"]
[BlackElo "1928"]
[EventType "swiss"]
[EventRounds "5"]

1. e4 e5 2. Nf3 Nc6 3. Nc3 Nf6 4. Bb5 d6 5. d3 Bd7 6. Ne2 Be7 7. O-O O-O 8. c3
a6 9. Ba4 b5 10. Bc2 Re8 11. Ng3 Bf8 12. Bg5 h6 13. Bh4 g5 14. Nxg5 hxg5 15.
Bxg5 Be7 16. Nf5 Bxf5 17. exf5 Nh7 18. Be3 Bf6 19. Qg4+ Kh8 20. Qh5 Qe7 21.
Bb3 Nd8 22. Rae1 Rg8 23. f4 Qf8 24. fxe5 dxe5 25. Bd5 c6 26. Be4 Qg7 27. h3
Rc8 28. Re2 Nb7 29. Rf3 Nd6 30. Bh6 Nxe4 31. Bxg7+ Rxg7 32. Rxe4 Rcg8 33. Rg4
{#r} 1-0

[Event "Hampstead U2200"]
[Site "Hampstead, London"]
[Date "2013.09.29"]
[Round "4"]
[White "Karia, Kamlesh"]
[Black "Oliveri, Claudio"]
[Result "0-1"]
[WhiteElo "1602"]
[BlackElo "1738"]
[EventType "swiss"]
[EventRounds "5"]

1. e4 e5 2. Nf3 Nc6 3. d4 exd4 4. Bc4 Bc5 5. c3 Nf6 6. e5 d5 7. exf6 dxc4 8.
O-O Qxf6 9. Re1+ Be6 10. cxd4 Nxd4 11. Nxd4 O-O-O 12. Qc2 Bxd4 13. Nc3 h5 14.
Be3 Bxe3 15. Rxe3 a6 16. Rc1 g5 17. b3 g4 18. Ne2 h4 19. bxc4 Bf5 20. Qb3 Rd2
21. Re1 h3 22. g3 Bc2 23. Qc3 Qxc3 24. Nxc3 Bf5 25. Re7 Be6 26. Nd5 c6 27.
Nb6+ Kb8 28. Rb1 Rhd8 29. Nd5 Bc8 30. Ne3 R8d7 31. Rxd7 Bxd7 32. Rd1 Rxd1+ 33.
Nxd1 Be6 34. Ne3 c5 35. a3 Kc7 36. Kf1 Kb6 37. Ke1 Ka5 38. Kd2 Ka4 39. Kc3
Kxa3 40. Nd5 b5 41. cxb5 Bxd5 42. bxa6 Ka4 43. a7 Kb5 44. Kd3 Kb4 45. Ke3 Kb3
46. Kf4 c4 47. Kxg4 c3 48. Kxh3 c2 49. g4 c1=Q {#R} 0-1

[Event "Hampstead U2200"]
[Site "Hampstead, London"]
[Date "2013.09.29"]
[Round "4"]
[White "Jina, Asha"]
[Black "Miu, Marinel"]
[Result "1-0"]
[WhiteElo "1570"]
[BlackElo "1706"]
[EventType "swiss"]
[EventRounds "5"]

1. e4 d5 2. exd5 Qxd5 3. Nc3 Qd8 4. d4 Nf6 5. Nf3 Bg4 6. Be3 e6 7. Be2 c6 8.
Qd2 Bb4 9. O-O Qa5 10. a3 Bxc3 11. bxc3 Ne4 12. Qe1 Qxc3 13. Qc1 Nd7 14. Ng5
Nxg5 15. Bxg4 Ne4 16. Rb1 Nb6 17. Rb3 Qa5 18. Re1 O-O-O 19. Rd1 h5 20. Bf3 f5
21. Bf4 Rhg8 22. Bxh5 g5 23. Bf7 gxf4 24. Bxe6+ Kb8 25. Qxf4+ Ka8 26. Bxg8
Rxg8 27. Qe5 Qd5 28. Qxd5 Nxd5 29. Rf3 Rg5 30. Rdd3 Kb8 31. c4 Ndf6 32. d5
cxd5 33. cxd5 Kc7 34. Rfe3 f4 35. Re1 b6 36. Rc1+ Kd7 37. Rc4 Nc5 38. Rd2 f3
39. g3 Re5 40. Kf1 Nfe4 41. Rdd4 Nd6 42. Rc2 Nce4 43. h4 b5 44. Rc6 Nc4 45.
Ra6 Ned2+ 46. Kg1 Nb3 47. Rd3 Nc1 48. Rxf3 Rxd5 49. Rf7+ Ke8 50. Raxa7 Nb6 51.
Rab7 Ne2+ 52. Kg2 {#r} 1-0

[Event "Hampstead U2200"]
[Site "Hampstead, London"]
[Date "2013.09.29"]
[Round "4"]
[White "Jina, Taran"]
[Black "Jefferies, Tyrone"]
[Result "1-0"]
[WhiteElo "1690"]
[BlackElo "1594"]
[EventType "swiss"]
[EventRounds "5"]

1. e4 c5 2. Nf3 g6 3. d4 cxd4 4. Nxd4 Bg7 5. c4 Nc6 6. Be3 Nf6 7. Nc3 a6 8.
Be2 O-O 9. O-O d6 10. Nc2 Ne5 11. f3 Qc7 12. b3 Bd7 13. Rc1 Rac8 14. Nb4 e6
15. Qd2 a5 16. Nc2 Bc6 17. Rfd1 Ne8 18. Nd4 Qe7 19. Ndb5 d5 20. exd5 exd5 21.
cxd5 Bxb5 22. Nxb5 Rxc1 23. Rxc1 Nd7 24. Bf4 b6 25. d6 Qf6 26. Bg5 Qe5 27. Bc4
Nef6 28. Re1 Qc5+ 29. Kh1 Re8 30. Rc1 Qf5 31. Nd4 Qe5 32. Nc6 Ne4 33. Nxe5
Nxd2 34. Bxf7+ Kf8 35. Bxe8 Nxe5 36. d7 Nd3 37. d8=Q Nf2+ 38. Kg1 Nh3+ 39.
gxh3 Nxf3+ 40. Kg2 Nxg5 41. Rf1+ {#r} 1-0

[Event "Hampstead U2200"]
[Site "Hampstead, London"]
[Date "2013.09.29"]
[Round "4"]
[White "Winter, Malcolm J"]
[Black "Haddock, Paul"]
[Result "0-1"]
[WhiteElo "1562"]
[BlackElo "1675"]
[EventType "swiss"]
[EventRounds "5"]

1. d4 Nf6 2. Nf3 c5 3. d5 e6 4. Nc3 exd5 5. Nxd5 Nxd5 6. Qxd5 Be7 7. e4 d6 8.
Bd3 Nd7 9. Bc4 O-O 10. Qd3 Ne5 11. Nxe5 dxe5 12. Qb3 b6 13. Bd5 Rb8 14. Be3
Bg5 15. Rd1 Qe7 16. Bxg5 Qxg5 17. Qg3 Qxg3 18. hxg3 Bb7 19. c4 Bxd5 20. cxd5
Rbd8 21. Ke2 Rd6 22. g4 h6 23. Rh3 Rfd8 24. Ra3 a5 25. Rad3 Kf8 26. a4 Ke7 27.
Rf3 Rf6 28. Rxf6 Kxf6 29. Kd3 Kg5 30. f3 Kf4 31. Rg1 Rd6 32. Ke2 Kg3 33. Kf1
Rf6 34. Ke2 Rd6 35. Ke3 Rf6 36. Ke2 Rd6 37. b3 Rf6 38. Rd1 Rd6 39. Kf1 g6 40.
Rd2 h5 41. gxh5 gxh5 42. Re2 h4 43. Rf2 Kf4 44. Ke2 f5 45. Kd3 Kg3 46. Re2 Kf4
47. Kc4 fxe4 48. Rxe4+ Kf5 49. Rxh4 Rg6 50. Rg4 Rd6 51. g3 Kf6 52. Rh4 Kg5 53.
Re4 Kf5 54. Re1 Rg6 55. g4+ Kf4 56. Re4+ Kxf3 57. Rxe5 Rxg4+ 58. Kb5 Rd4 59.
Kc6 Kf4 60. Re1 c4 61. bxc4 Rxc4+ 62. Kd6 Rxa4 63. Ke6 Rd4 64. d6 b5 65. Re5
b4 66. d7 Rxd7 67. Rxa5 Rb7 68. Ra4 Ke3 69. Kd5 Kd3 70. Kc5 Kc3 71. Kc6 Rb8
72. Kc7 Rb5 73. Kc6 Kc4 74. Ra1 b3 75. Rc1+ Kb4 76. Rb1 Rc5+ 77. Kb6 Rc2 78.
Rh1 b2 79. Rh4+ Rc4 80. Rh2 b1=Q {#R} 0-1

[Event "Hampstead U2200"]
[Site "Hampstead, London"]
[Date "2013.09.29"]
[Round "4"]
[White "Byrne, Ken J"]
[Black "Verma, Aditya"]
[Result "0-1"]
[WhiteElo "1194"]
[BlackElo "1647"]
[EventType "swiss"]
[EventRounds "5"]

1. c4 e6 2. g3 d5 3. Bg2 Nf6 4. Nf3 c6 5. O-O Nbd7 6. b3 Bd6 7. Ba3 Qe7 8.
Bxd6 Qxd6 9. d4 O-O 10. Nc3 Re8 11. Qc2 Qc7 12. Rae1 Nf8 13. Ne5 Bd7 14. h3
Rad8 15. e3 Bc8 16. Qe2 Qa5 17. Rc1 N8d7 18. f4 h6 19. g4 Nxe5 20. fxe5 Nh7
21. h4 g6 22. Qf2 Rf8 23. Rc2 b6 24. Qf4 Ba6 25. Qxh6 dxc4 26. Rcf2 Qxc3 27.
Be4 cxb3 28. axb3 Bd3 29. Bxd3 Qxd3 30. b4 a5 31. bxa5 bxa5 32. Rf3 Qe4 33. g5
Qg4+ 34. Kh2 Qh5 35. Qxh5 gxh5 36. Rc1 Rc8 37. Rc5 a4 38. e4 Rfd8 39. Rd3 a3
40. Rxa3 Rxd4 41. Ra6 Rxe4 42. Kh3 Nf8 43. Rcxc6 Rxc6 44. Rxc6 Rxe5 45. Kg3
Re4 46. Rc1 Ng6 47. Rh1 Rg4+ 48. Kf3 Rxh4 49. Rxh4 Nxh4+ 50. Kf4 Ng6+ 51. Kg3
Kf8 52. Kf3 Ke7 53. Kg3 Kd6 54. Kf3 Ke5 55. Kg3 {#R} 0-1

[Event "Hampstead U2200"]
[Site "Hampstead, London"]
[Date "2013.09.29"]
[Round "4"]
[White "Sharkey, Brian"]
[Black "Pollack, Oscar"]
[Result "1-0"]
[WhiteElo "1634"]
[BlackElo "1122"]
[EventType "swiss"]
[EventRounds "5"]

1. d4 Nf6 2. c4 c5 3. d5 b5 4. cxb5 a6 5. b6 g6 6. Nc3 Bg7 7. Qb3 Bb7 8. e4 d6
9. a4 Nbd7 10. a5 O-O 11. Nf3 Re8 12. Bc4 Ng4 13. O-O Nge5 14. Be2 e6 15. Qc2
exd5 16. Nxd5 Bxd5 17. exd5 Nf6 18. Nxe5 Rxe5 19. Bf3 Nxd5 20. Qc4 Nf6 21.
Bxa8 Qxa8 22. Bd2 Re4 23. Qb3 Qb7 24. Rfe1 c4 25. Qf3 Rxe1+ 26. Rxe1 Qxf3 27.
gxf3 Bf8 28. b7 Nd7 29. Re8 Kg7 30. Bc3+ Kg8 31. b8=Q Nxb8 32. Rxb8 f5 33. Ra8
Kf7 34. Rxa6 Ke6 35. Rb6 Be7 36. a6 Bd8 37. Rb7 Kd5 38. a7 Bg5 39. a8=Q Ke6
40. Qe8+ {#r} 1-0

[Event "Hampstead U2200"]
[Site "Hampstead, London"]
[Date "2013.09.29"]
[Round "4"]
[White "Purvis, Anna"]
[Black "Weaver, Lauren"]
[Result "0-1"]
[WhiteElo "1509"]
[BlackElo "1512"]
[EventType "swiss"]
[EventRounds "5"]

1. d4 Nf6 2. c4 g6 3. Nc3 Bg7 4. e4 d6 5. f3 O-O 6. Be3 e5 7. d5 Nh5 8. Qd2
Qh4+ 9. Qf2 Qxf2+ 10. Kxf2 a5 11. Bd3 Nf4 12. Bc2 Na6 13. a3 Bd7 14. Nge2 f5
15. Rhf1 Bh6 16. Nxf4 exf4 17. Bd2 Bg7 18. Kg1 Bd4+ 19. Kh1 Be3 20. Bxe3 fxe3
21. g3 fxe4 22. Nxe4 Bh3 23. Rfe1 Rxf3 24. Ng5 Bg2+ 25. Kg1 Rf2 26. Rac1 Raf8
27. Rxe3 Rd2 28. Ne4 Bxe4 29. Rxe4 Rff2 30. Bb1 Rg2+ 31. Kf1 Rxh2 32. Kg1
Rdg2+ 33. Kf1 Rxb2 34. Kg1 Rbg2+ 35. Kf1 Rxg3 36. Re2 Rxe2 37. Kxe2 Rxa3 38.
Kd2 Nc5 39. Re1 Kf7 40. Rf1+ Kg7 41. Re1 Nb3+ 42. Kc2 Nd4+ 43. Kb2 Rb3+ 44.
Kc1 Rf3 45. Re7+ Rf7 46. Re4 Rf1+ 47. Kb2 Rf2+ 48. Kc1 Ne2+ 49. Kc2 Ng3+ {#R}
0-1

[Event "Hampstead U2200"]
[Site "Hampstead, London"]
[Date "2013.09.29"]
[Round "4"]
[White "Gergelova, Monika"]
[Black "Lovell, William"]
[Result "0-1"]
[WhiteElo "1297"]
[BlackElo "1503"]
[EventType "swiss"]
[EventRounds "5"]

1. Nf3 f5 2. d4 g6 3. Bf4 Nf6 4. e3 Bg7 5. Nbd2 d6 6. Bc4 Nc6 7. c3 Nh5 8. O-O
e5 9. Bg5 Nf6 10. Bd5 e4 11. Qb3 exf3 12. Nxf3 Qd7 13. Be6 Qxe6 14. c4 Qf7 15.
d5 Nd8 16. a4 Qd7 17. a5 Nf7 18. Rfe1 Ne4 19. h4 Nc5 20. Qc2 Ne4 21. Rab1
Nfxg5 22. hxg5 Qe7 23. Nd4 Qxg5 24. f4 Qe7 25. Nf3 h5 26. Kf1 h4 27. Nh2 h3
28. b4 g5 29. Nf3 h2 30. Ke2 Ng3+ 31. Kd3 Qe4+ 32. Kd2 Qxc2+ 33. Kxc2 h1=Q 34.
Rxh1 Nxh1 35. Nxg5 Ng3 36. Kd3 Rh2 37. Rg1 Ke7 38. Nf3 Rh1 {#R} 0-1

[Event "Hampstead U2200"]
[Site "Hampstead, London"]
[Date "2013.09.29"]
[Round "4"]
[White "Hall, Kieron L"]
[Black "Tomy, Jeff"]
[Result "0-1"]
[WhiteElo "1450"]
[BlackElo "1378"]
[EventType "swiss"]
[EventRounds "5"]

1. d4 d6 2. c4 Nf6 3. Nf3 g6 4. e3 Bg7 5. Nc3 O-O 6. Be2 c5 7. O-O Nbd7 8.
dxc5 dxc5 9. b3 Ne4 10. Bb2 Nxc3 11. Bxc3 Bxc3 12. Rc1 Bb2 13. Rb1 Bg7 14. Qd3
Nf6 15. Qxd8 Rxd8 16. Rfd1 Bf5 17. Rxd8+ Rxd8 18. h3 Ne4 19. Rd1 Rxd1+ 20.
Bxd1 Nc3 21. Nh4 Nxd1 22. Nxf5 gxf5 23. g4 fxg4 24. hxg4 Kf8 25. Kf1 Ke8 26.
Ke2 Nc3+ 27. Kd2 Nxa2 28. Kc2 Kd7 29. Kb1 Nb4 30. Kc1 Nd3+ 31. Kd2 Nxf2 32.
Ke2 Nxg4 33. e4 h5 34. Kf3 Ne5+ 35. Kg3 Nd3 36. Kh4 Nc1 37. Kxh5 Nxb3 38. Kg5
a5 39. Kf5 a4 40. e5 a3 41. e6+ Ke8 42. exf7+ Kxf7 43. Kg5 a2 44. Kf5 Be5 45.
Kxe5 Ke8 46. Ke6 Kd8 47. Kf7 Kc7 48. Kxe7 a1=Q 49. Ke8 Qd1 50. Ke7 Qe1+ 51.
Kf7 Kd6 52. Kf8 Qe7+ 53. Kg8 Ke6 54. Kh8 Kf6 55. Kg8 Qg7# 0-1

[Event "Hampstead U2200"]
[Site "Hampstead, London"]
[Date "2013.09.29"]
[Round "5"]
[White "Villiers, Thomas"]
[Black "Farzaliyev, Kanan"]
[Result "1/2-1/2"]
[WhiteElo "2043"]
[BlackElo "2122"]
[EventType "swiss"]
[EventRounds "5"]

1. c4 Nf6 2. g3 g6 3. Bg2 Bg7 4. Nf3 O-O 5. O-O d6 6. Nc3 c5 7. d4 Nbd7 8. e3
Nb6 9. b3 cxd4 10. exd4 d5 11. c5 Ne4 12. Bb2 Nxc3 13. Bxc3 Nd7 14. Qd2 Nf6
15. Ne5 Ne4 16. Bxe4 dxe4 17. d5 Qc7 18. Qd4 Bf5 19. Rfd1 Rfd8 20. Rac1 Bxe5
21. Qxe5 Qxe5 22. Bxe5 Rac8 23. b4 f6 24. Bb2 a6 25. a4 Rd7 26. Rd4 Rcd8 27.
Rcd1 e5 28. R4d2 Bg4 29. d6 Bxd1 30. Rxd1 Kf7 31. b5 axb5 32. axb5 Ke6 33. Ba3
Rc8 34. Bb4 f5 35. Kf1 g5 36. Ke2 h5 37. Kd2 f4 38. Kc3 e3 39. fxe3 f3 40. e4
g4 41. Kd2 Ra8 42. c6 bxc6 43. bxc6 Rxd6+ 44. Bxd6 Kxd6 45. Ke1+ Kxc6 46. Rd5
Ra1+ 47. Kf2 Ra2+ 48. Kg1 Ra1+ 49. Kf2 Rh1 50. h4 Rh2+ 51. Kf1 Rg2 52. Rxe5
Rxg3 53. Rxh5 Rh3 54. Rf5 Rxh4 55. Kf2 Rh2+ 56. Kg1 Rg2+ 57. Kh1 Kd6 58. e5+
Ke7 59. Rf4 Rg3 60. Kh2 Rh3+ 61. Kg1 Rh4 62. Rf6 Rh3 63. Rf4 Rg3+ 64. Kh2 Rg2+
65. Kh1 Ke6 66. Rf6+ Kd5 67. e6 Re2 68. Rf4 Ke5 69. Rxg4 Kf5 70. Rg8 Kf4 71.
Kg1 Rxe6 72. Kf2 Re2+ 73. Kf1 Re5 74. Kf2 {#d} 1/2-1/2

[Event "Hampstead U2200"]
[Site "Hampstead, London"]
[Date "2013.09.29"]
[Round "5"]
[White "Clayton, Tristan"]
[Black "Ismailov, Roman"]
[Result "1-0"]
[WhiteElo "1825"]
[BlackElo "2051"]
[EventType "swiss"]
[EventRounds "5"]

1. e4 c5 2. Nf3 e6 3. Nc3 d6 4. Bb5+ Nc6 5. O-O a6 6. Bxc6+ bxc6 7. d3 Qc7 8.
Qe2 Ne7 9. Bg5 Ng6 10. Nd2 Rb8 11. b3 Be7 12. Bxe7 Nxe7 13. f4 O-O 14. Nf3 a5
15. Qf2 Ba6 16. Rfe1 c4 17. dxc4 d5 18. exd5 cxd5 19. Na4 dxc4 20. Nc5 Bc8 21.
Ne5 Rb5 22. Ne4 cxb3 23. cxb3 Bb7 24. Rac1 Qd8 25. Red1 Rd5 26. Rxd5 Bxd5 27.
Nc5 f6 28. Ng4 Qd6 29. Ne3 Rc8 30. Nxd5 exd5 31. Nd3 Re8 32. Qc5 Qa6 33. Re1
Kf7 34. Nf2 Qa8 35. Qc7 a4 36. Qd7 axb3 37. axb3 Qb8 38. Qa4 Qb6 39. Kf1 Rd8
40. b4 Nf5 41. Qa5 Qd6 42. b5 Qxf4 43. Qxd8 Ne3+ 44. Rxe3 Qxe3 45. Qxd5+ Kf8
46. Qd8+ Kf7 47. Qc7+ Kf8 48. Qc2 h5 49. Qe2 Qc1+ 50. Nd1 Qf4+ 51. Kg1 h4 52.
Ne3 Qd4 53. Kf1 Qf4+ 54. Qf3 Qxh2 55. Qa8+ Kf7 56. Qb7+ Kg6 57. Qe4+ Kf7 58.
Qd5+ Kg6 59. Qf5+ Kf7 60. Ng4 Ke7 61. Nxh2 {#r} 1-0

[Event "Hampstead U2200"]
[Site "Hampstead, London"]
[Date "2013.09.29"]
[Round "5"]
[White "Twitchell, Neville H"]
[Black "Liang, Jake Z"]
[Result "0-1"]
[WhiteElo "2014"]
[BlackElo "1780"]
[EventType "swiss"]
[EventRounds "5"]

1. e4 c5 2. a3 Nc6 3. b4 cxb4 4. axb4 Nxb4 5. d4 d5 6. c3 Nc6 7. exd5 Qxd5 8.
Na3 e5 9. Nb5 Bd6 10. Ba3 Bb8 11. c4 Qe4+ 12. Be2 Nxd4 13. Nxd4 exd4 14. Qa4+
Bd7 15. Qb4 Ne7 16. Rd1 Nf5 17. Nf3 Bd6 18. c5 Be7 19. O-O Qxe2 20. Qxb7 Rc8
21. Nxd4 Nxd4 22. Rxd4 Qe6 23. Re4 Qc6 24. Qb4 Be6 25. Rc1 O-O 26. f4 Bf6 27.
h3 Rb8 28. Qe1 Rb3 29. Bb4 Bh4 30. Qe2 Bd5 31. Rd4 Bf6 {#R} 0-1

[Event "Hampstead U2200"]
[Site "Hampstead, London"]
[Date "2013.09.29"]
[Round "5"]
[White "David, Barry"]
[Black "Samadov, Samir"]
[Result "0-1"]
[WhiteElo "1834"]
[BlackElo "1530"]
[EventType "swiss"]
[EventRounds "5"]

1. e4 e6 2. Nf3 Nf6 3. e5 Nd5 4. d4 d6 5. c4 Nb6 6. exd6 cxd6 7. Nc3 Qc7 8.
Qd3 Nc6 9. b3 a6 10. Bb2 Bd7 11. Rd1 O-O-O 12. Ng5 Be8 13. Qf3 Qe7 14. Nge4 d5
15. Ng3 dxc4 16. Nge2 cxb3 17. axb3 Qb4 18. Qe4 Qxb3 19. Ba1 Nd5 20. Rb1 Nxc3
21. Nxc3 Qa3 22. Bb2 Qa5 23. Ra1 Qb6 24. Na4 Bb4+ 25. Kd1 Qa7 26. Rc1 Kb8 27.
Qf4+ e5 28. Qg4 Nxd4 29. Bd3 Bxa4+ 30. Bc2 Bxc2+ 31. Rxc2 Nxc2+ 32. Kxc2 Qc5+
33. Kb1 Rc8 34. Qe4 Ka8 35. Rc1 Qb6 36. Rd1 Bc3 37. Qe2 Qxb2+ 38. Qxb2 Bxb2
39. Kxb2 Rcd8 40. Re1 Rd2+ 41. Kb3 Rxf2 42. Rxe5 Rxg2 {#R} 0-1

[Event "Hampstead U2200"]
[Site "Hampstead, London"]
[Date "2013.09.29"]
[Round "5"]
[White "Turner, Caius AW"]
[Black "Horlock, Peter J"]
[Result "1-0"]
[WhiteElo "2164"]
[BlackElo "1638"]
[EventType "swiss"]
[EventRounds "5"]

1. Nf3 d5 2. c4 e6 3. e3 Nf6 4. b3 c5 5. Bb2 Nc6 6. cxd5 exd5 7. Bb5 Be7 8.
Ne5 Qc7 9. f4 Ne4 10. Nc3 Nxc3 11. dxc3 O-O 12. Qxd5 Be6 13. Bxc6 Bxd5 14.
Bxd5 Rad8 15. O-O-O b5 16. c4 bxc4 17. Bxc4 Bf6 18. Rxd8 Bxd8 19. Rd1 Kh8 20.
Rd7 Qa5 21. b4 cxb4 22. Nxf7+ Rxf7 23. Rxf7 h5 24. Rf8+ Kh7 25. Bd3+ {#r} 1-0

[Event "Hampstead U2200"]
[Site "Hampstead, London"]
[Date "2013.09.29"]
[Round "5"]
[White "Sutton, Daniel"]
[Black "Waterfield, John"]
[Result "1/2-1/2"]
[WhiteElo "1721"]
[BlackElo "1991"]
[EventType "swiss"]
[EventRounds "5"]

1. e4 c5 2. c3 Nf6 3. e5 Nd5 4. d4 cxd4 5. cxd4 d6 6. Nf3 Nc6 7. Bc4 dxe5 8.
dxe5 Ndb4 9. Qxd8+ Nxd8 10. Na3 a6 11. O-O e6 12. Bg5 Ndc6 13. Rfd1 h6 14. Be3
b5 15. Bb3 Be7 16. Nc2 Na5 17. Nxb4 Nxb3 18. Nxa6 Rxa6 19. axb3 Rxa1 20. Rxa1
Bb7 21. Ra7 Bd5 22. Nd4 b4 23. Nb5 Rf8 24. Nc7+ Kd8 25. Nxd5 exd5 26. Ra5 Kd7
27. Rxd5+ Ke6 28. Rd2 Ra8 29. f4 g5 30. g3 Ra1+ 31. Kf2 g4 32. Bd4 h5 33. Ke3
Rb1 34. Ke4 Re1+ 35. Be3 Bc5 36. f5+ Ke7 37. Rd3 f6 38. e6 Ke8 {#d} 1/2-1/2

[Event "Hampstead U2200"]
[Site "Hampstead, London"]
[Date "2013.09.29"]
[Round "5"]
[White "Hayward, Alan"]
[Black "Haridas, Girinath"]
[Result "0-1"]
[WhiteElo "1941"]
[BlackElo "1776"]
[EventType "swiss"]
[EventRounds "5"]

1. d4 Nf6 2. Nc3 d5 3. Bg5 Nbd7 4. Nf3 g6 5. e3 Bg7 6. Bd3 O-O 7. O-O c5 8.
Re1 h6 9. Bh4 a6 10. e4 dxe4 11. Nxe4 cxd4 12. Nxd4 Nxe4 13. Bxe4 g5 14. Nf5
Nf6 15. Nxe7+ Kh8 16. Qxd8 Rxd8 17. Bg3 Nxe4 18. Rxe4 f5 19. Rb4 f4 20. Bxf4
gxf4 21. Nxc8 Raxc8 22. c3 b5 23. Rxf4 Rd2 24. Rb1 Re8 25. a4 Rxb2 26. Rd1
Rbe2 27. g4 R2e4 28. Rxe4 Rxe4 29. axb5 Rxg4+ 30. Kf1 axb5 31. Rd8+ Kh7 32.
Rb8 Rg5 33. Rb7 Kg6 34. Rb6+ Kh5 35. Ke2 Bxc3 36. f4 Rf5 37. Kd3 b4 38. Ke4
Rf6 39. Rb8 Kg4 40. Rg8+ Kh5 41. Rg3 Rb6 42. f5 b3 {#R} 0-1

[Event "Hampstead U2200"]
[Site "Hampstead, London"]
[Date "2013.09.29"]
[Round "5"]
[White "Cavendish, Joshua"]
[Black "Pepe, Salvatore"]
[Result "1-0"]
[WhiteElo "1683"]
[BlackElo "1906"]
[EventType "swiss"]
[EventRounds "5"]

1. f4 g6 2. Nc3 Bg7 3. e4 d6 4. Bc4 a6 5. Nf3 e6 6. O-O b5 7. Bb3 Bb7 8. d3
Ne7 9. Qe1 c5 10. f5 gxf5 11. exf5 Nxf5 12. Ng5 O-O 13. Bxe6 fxe6 14. Qxe6+
Kh8 15. Rxf5 Rxf5 16. Qxf5 Bd4+ 17. Kh1 Qe7 18. Nf7+ Kg8 19. Nh6+ Kh8 20. Bg5
Qg7 21. Rf1 Nc6 22. Nf7+ Kg8 23. Nh6+ Kh8 24. Nf7+ Kg8 25. Qe6 Rf8 26. Ne5+
Kh8 27. Rxf8+ {#r} 1-0

[Event "Hampstead U2200"]
[Site "Hampstead, London"]
[Date "2013.09.29"]
[Round "5"]
[White "Sloan, Cecil"]
[Black "Pride, Stephen"]
[Result "1/2-1/2"]
[WhiteElo "1690"]
[BlackElo "1827"]
[EventType "swiss"]
[EventRounds "5"]

1. e4 a6 2. d4 b5 3. Nf3 Bb7 4. Bd3 Nf6 5. Qe2 e6 6. O-O c5 7. c3 Nc6 8. Bg5
h6 9. Bh4 g5 10. d5 Ne7 11. Bg3 exd5 12. exd5 Nfxd5 13. Re1 Qb6 14. Nbd2 Nf4
15. Bxf4 gxf4 16. Qe5 Rg8 17. Qxf4 O-O-O 18. Be4 Ng6 19. Bxb7+ Qxb7 20. Qe4 d5
21. Qf5+ Qd7 22. Qxd7+ Rxd7 23. Ne5 Re7 24. Nxg6 fxg6 25. Rxe7 Bxe7 26. Nf3
Bf6 27. Re1 Kd7 28. Ne5+ Bxe5 29. Rxe5 Kd6 30. f4 Rg7 31. Kf2 Re7 32. Rxe7
Kxe7 33. g4 Kf6 34. Ke3 h5 35. h3 a5 36. a3 a4 37. Kd3 Ke6 38. Ke3 hxg4 39.
hxg4 Kf6 40. Kd3 Ke6 41. Kc2 Kf6 42. b4 axb3+ 43. Kxb3 Ke6 44. a4 bxa4+ 45.
Kxa4 d4 46. cxd4 cxd4 47. Kb3 Kd5 48. Kc2 Ke4 49. f5 gxf5 50. gxf5 Kxf5 51.
Kd3 Ke5 52. Kd2 Ke4 53. Ke2 d3+ 54. Kd2 Kd4 55. Kd1 Kc3 56. Kc1 d2+ 57. Kd1
{#d} 1/2-1/2

[Event "Hampstead U2200"]
[Site "Hampstead, London"]
[Date "2013.09.29"]
[Round "5"]
[White "Peck, Silas"]
[Black "Misyura, Ilya"]
[Result "1/2-1/2"]
[WhiteElo "1805"]
[BlackElo "1626"]
[EventType "swiss"]
[EventRounds "5"]

1. e4 e6 2. d4 d5 3. Nc3 Bb4 4. e5 c5 5. a3 Bxc3+ 6. bxc3 Ne7 7. Qg4 cxd4 8.
cxd4 Qc7 9. Bd2 Nbc6 10. Bb5 O-O 11. Ne2 f6 12. Bxc6 Nxc6 13. f4 f5 14. Qg5
Na5 15. O-O Nc4 16. Bb4 Re8 17. Ng3 h6 18. Qh4 a5 19. Be1 Bd7 20. Nh5 Rf8 21.
Qg3 Be8 22. Nf6+ Kh8 23. Nxe8 Rfxe8 24. Qb3 Rab8 25. a4 b6 26. Rf3 Rb7 27. Qb5
Qd7 28. Rb3 Qxb5 29. Rxb5 g5 30. fxg5 hxg5 31. Rab1 Rh7 32. R1b3 Rh6 33. h3 g4
34. Rg3 gxh3 35. gxh3 Rg8 36. Kh2 Rhg6 37. Rbb3 Rxg3 38. Bxg3 Kh7 39. Bh4 Kh6
40. Be7 Kg6 41. Rg3+ Kf7 42. Rxg8 Kxg8 43. Bd8 Kg7 44. Kg3 Kg6 45. Kf4 Kh5 46.
Kg3 Kg6 47. Kf4 {#d} 1/2-1/2

[Event "Hampstead U2200"]
[Site "Hampstead, London"]
[Date "2013.09.29"]
[Round "5"]
[White "Covey, Jason"]
[Black "Joseph, Tomy"]
[Result "1/2-1/2"]
[WhiteElo "1586"]
[BlackElo "1814"]
[EventType "swiss"]
[EventRounds "5"]

1. e4 c5 2. Nc3 Nc6 3. f4 g6 4. Nf3 Bg7 5. Bb5 e6 6. Bxc6 bxc6 7. O-O Ne7 8.
d3 O-O 9. Nh4 d6 10. Ne2 a5 11. Ng3 f5 12. Qe2 a4 13. Rb1 Rb8 14. Nf3 Qc7 15.
c4 Kh8 16. e5 d5 17. Qf2 d4 18. b4 axb3 19. Rxb3 Rxb3 20. axb3 Qb7 21. Ba3 Re8
22. Bxc5 Qxb3 23. Qxd4 Ng8 24. Ng5 Nh6 25. Nf3 Kg8 26. Qe3 Rd8 27. Nd4 Qb7 28.
Qe1 Bf8 29. Qa5 Nf7 30. Qb6 Bxc5 31. Qxc5 Bd7 32. Nf3 Ra8 33. d4 Ra2 34. Qe7
Qb2 35. Nh4 Qxd4+ 36. Kh1 Qd2 37. Rg1 {#d} 1/2-1/2